000 00460nam a2200169 i 4500
001 22613
003 ES-MaACL
005 20240508063026.0
007 t|
008 021203s1972 sp ||||1| spa d
100 1 _aÁlvarez Ortega, Manuel,
_d1923-
_9152996
245 1 0 _aCarpe Diem /
_cManuel Alvarez Ortega.
260 _aLeón :
_b[s.n.],
_c1972.
300 _a71 p. ;
_c20 cm.
852 _aES-MaACL
_jC-48073
_bR.82037
999 _c22613
_d22613